000 00557nam a22002057a 4500
999 _c23839
_d23839
003 OSt
005 20201022112415.0
008 170301b xxu||||| |||| 00| 0 eng d
020 _a0781726646
040 _aMMU
_beng
_cMMU
_dMMU
050 _aRT.5
_b.T36 2002
100 _4Mcewen Melanie
245 _aTheoretical Basis For Nursing /
_cMelanie Mcewen
260 _aU. S. A:
_bLippincott Williams,
_c2002
300 _axxi,469 p.
_bill
500 _aIncludes Index
650 _aNursing-philosophy
700 _aEverlyn M. Wills
942 _2lcc
_cLOAN LOAN